<?xml version="1.0" encoding="UTF-8"?>
<collection xmlns="http://www.loc.gov/MARC21/slim">
 <record>
  <leader>01222nam a2200205Ia 4500</leader>
  <controlfield tag="001">TDMU_6937</controlfield>
  <controlfield tag="008">210410s9999    xx            000 0 und d</controlfield>
  <datafield tag="082" ind1=" " ind2=" ">
   <subfield code="a">153.6</subfield>
  </datafield>
  <datafield tag="090" ind1=" " ind2=" ">
   <subfield code="b">NG528</subfield>
  </datafield>
  <datafield tag="100" ind1=" " ind2=" ">
   <subfield code="a">NguyêÌƒn, Văn Lê</subfield>
  </datafield>
  <datafield tag="245" ind1=" " ind2="0">
   <subfield code="a">NhâÌ£p môn khoa hoÌ£c giao tiêÌp</subfield>
  </datafield>
  <datafield tag="245" ind1=" " ind2="0">
   <subfield code="c">NguyêÌƒn Văn Lê</subfield>
  </datafield>
  <datafield tag="260" ind1=" " ind2=" ">
   <subfield code="a">Tp. HCM</subfield>
  </datafield>
  <datafield tag="260" ind1=" " ind2=" ">
   <subfield code="b">[Nbx]</subfield>
  </datafield>
  <datafield tag="260" ind1=" " ind2=" ">
   <subfield code="c">1999</subfield>
  </datafield>
  <datafield tag="300" ind1=" " ind2=" ">
   <subfield code="a">161tr.</subfield>
  </datafield>
  <datafield tag="520" ind1=" " ind2=" ">
   <subfield code="a">Cung câÌp nhưÌƒng kiêÌn thưÌc cơ baÌ‰n vêÌ€ khoa hoÌ£c giao tiêÌp: nhưÌƒng vâÌn đêÌ€ chung vêÌ€ liÌ luâÌ£n khoa hoÌ£c giao tiêÌp, ngôn ngưÌƒ giao tiêÌp, vaÌ€ caÌc quy tăÌc giao tiêÌp thông thươÌ€ng trong xaÌƒ hôÌ£i, nhaÌ€ trươÌ€ng vaÌ€ trong kinh doanh.; Trang biÌ€a ghi: taÌ€i liêÌ£u lưu haÌ€nh nôÌ£i bôÌ£</subfield>
  </datafield>
  <datafield tag="650" ind1=" " ind2=" ">
   <subfield code="a">Khoa hoÌ£c giao tiêÌp; Giao tiêÌp; Khoa hoÌ£c; Khoa hoÌ£c giao tiêÌp; Quan hêÌ£ xaÌƒ hôÌ£i,Con ngươÌ€i</subfield>
  </datafield>
  <datafield tag="856" ind1=" " ind2=" ">
   <subfield code="u">http://lrc.tdmu.edu.vn/opac/search/detail.asp?aID=2&amp;ID=6937</subfield>
  </datafield>
  <datafield tag="980" ind1=" " ind2=" ">
   <subfield code="a">Trung tâm Học liệu Trường Đại học Thủ Dầu Một</subfield>
  </datafield>
 </record>
</collection>
